01074cam a2200301 a 450000500170000000800410001701500080005802000150006602000180008103500200009904000440011904100080016310000240017124501770019526000480037230000520042049000500047265000260052265000240054865000180057265000160059070000290060670000300063570000260066570000360069170000180072776500270074520211105120845.0171108s2005 sp ad r 001 0 spa d aNNN a8488711700 a9788488711700 a(Sirsi) a634347 aCO-BoUCMbspacSaul NiñodSaul Niño0 aspa1 aMcAdam, Dougd1951-10aDinámica de la contienda políticacDoug McAdam, Sidney G.Tarrow y Charles Tilly ; con un prólogo de Pedro Ibarra y Salvador Martí Puig; traducción Joan Quesada aBarcelona, EspañabHacer Editorial c2005 axxxii, 415 páginasbilustraciones, gráficas0 aBiblioteca de filosofía y ciencias sociales 7aMovimientos sociales  7aConducta colectiva  7aRevoluciones  7aDemocracia 1 aTarrow, Sidney G.d1938-1 aTilly, Charlesd1929-20081 aIbarra Güell, Pedro1 aMartí i Puig, Salvadord1969-1 aQuesada, Joan tDynamics of contention